Datum a čas kvízu
37
Celkem bodů
Celkový počet nahraných bodů na tomto kvízu bez doplňovacích otázek.
5.
Pořadí na kvízu
Konečné umístění týmu na tomto kvízu.
Zaznamenané odpovědi
| # | Otázka | Odpověď | Body | Výsledky |
|---|---|---|---|---|
| 1. | Státní zastupitelství obvinilo... | C | 1 | |
| 2. | Kterému fenoménu je věnovaný w... | UFO | 1 | |
| 3. | 81letý britský kytarista, zpěv... | Eric Clapton | 0 | |
| 4. | Minulý týden informovala média... | B | 1 | |
| 5. | Po ukončení letošního ročníku... | Dominik Frodl | 1 | |
| 6. | Téma začneme jednou z nejoblíb... | Matěj Kotrba | 0 | |
| 7. | V roce 2019 jsme mohli v kinec... | Bitva u Midway (v originále Midway) | 0 | |
| 8. | Která herečka si zahrála krásn... | Diane Kruger | 0 | |
| 9. | Půl bodu obdržíte za název fil... | Statečné srdce (Braveheart); Mel Gibson | 0 | |
| 10. | Který režisér je podepsán pod... | C | 1 |